Регионална библиотека "Любен Каравелов" - Русе

Chevtchenko - le poete national de L'Ukraine (Запис номер 344538)

MARC детайли
000 -Лидер
Контролно поле с фиксирана дължина 01262nam a2200301 c 4500
003 - Код на организацията, давaща контролен номер
Контролно поле BLK
005 - Дата и час на последна редакция
Контролно поле 20200427085716.0
008 - Елементи от данни с фиксирана дължина
fixed length control field 180911b bul|||||r ||||||| ||bul||
010 ## - Наследен системен номер
LC control number 004203
040 ## - Източник на каталожния запис
Идентификатор на билиотеката - собственик на записа BLK
041 ## - Код за език
Код за езика на текст/звукозапис или на отделно заглавие Френски
Код за езика КДБФ Български
080 ## - УДК
Текстов определител УДК Шевченко, Тарас
УДК определител 92
УДК - код + определител 883(092)92
100 1# - Редна дума - Автор
Автор DOROSENKO, D.
Авторска отговорност първи автор
R(LIN) 407346
245 00 - Сведения за заглавието
Заглавие Chevtchenko - le poete national de L'Ukraine
260 ## - Област на издателските данни
Място на издаване, разпространение и проч. Prague
Име на издателя, разпространителя и проч. Eugene Wyrowyj
Година на издаване 1931
Печатница Prague : Vrsovice
300 ## - Физическа характеристика
Страници 52 с
Размери/Мащаб 17 см
380 ## - Жанр
Жанр Литературознание
490 ## - СЕРИИ (Колекции)
Име на серия Частна колекция - Академик Михаил Арнаудов
Бележки за серията Дарение - Основен фонд
500 ## - Общи забележки
Забележка Автограф с текст: Дорогому приятелевi украiнського народу i мойому П. Проф. Мих. Арнаудову на добрий спомен Доросенко София 13. II. 934. (инв.№ 589658)
501 ## - Забележка „подвързано към”
Забележка: Подвързано към... Номериран екземпляр № 29 от общо 50 луксозни
650 ## - Допълнително описание по предмет – тема
Основно описание – тема или топоним Биографии
9 (RLIN) 407347
650 ## - Допълнително описание по предмет – тема
Основно описание – тема или топоним Писатели
9 (RLIN) 166332
655 ## - Ключова дума – жанр/разновидност
Данни за жанр/разновидност или ключова дума за фокус Литературознание
700 1# - Други автори (авторска отговорност)
Лично име D. Dorochenko
9 (RLIN) 407348
700 1# - Други автори (авторска отговорност)
Лично име Pref. Comte Antoine Chiappe
9 (RLIN) 396934
852 ## - Местоположение
Форматна сигнатура МА 1468
Фондова буква Фонд "Михаил Арнаудов"
999 ## - СИСТЕМНИ КОНТРОЛНИ НОМЕРА
Koha biblionumber 344538
Koha biblioitemnumber 344538
942 ## - АРТИКУЛИ
Вид на библиотечния материал Книги
Скрит в OPAC Не
Периодичен библиозапис Да
944 ## - СЪЗДАВАНЕ И РЕДАКЦИЯ на ЗАПИСА
Създаване/Редакция Създаване
Дата на регистрацията/редакция 1996
Служител, извършил регистрацията/редакцията ValK
999 ## - СИСТЕМНИ КОНТРОЛНИ НОМЕРА
Koha biblioitemnumber 344538
Наличности
Код за отписване Код за изгубен артикул Източник на класификационната схема Код за повреда Коз за рестрикции Код за отдаване Артикулен № Име на библиотеката - собственик Име на библиотеката, в която се намира в момента Статус (Текущо местоположение) Местоположение - отдел Цена в лева Номерация (Хронология) Инвентарен номер Систематично азбучна сигнатура Баркод Номер на екземпляра Цена в евро Служебен тип на артикула
  Не е изгубен Universal Decimal Classification Не е повреден без рестрикции Специални фондове ( старопечатни, редки и ценни, фонд М. Арнаудов) 744956 Регионална библиотека "Любен Каравелов" Русе Регионална библиотека "Любен Каравелов" Русе Фонд "Михаил Арнаудов" Фонд "Михаил Арнаудов" 8.00   588912 МА 1468 120000588912 1 4.09 Книги
  Не е изгубен Universal Decimal Classification Не е повреден без рестрикции Специални фондове ( старопечатни, редки и ценни, фонд М. Арнаудов) 744957 Регионална библиотека "Любен Каравелов" Русе Регионална библиотека "Любен Каравелов" Русе Фонд "Михаил Арнаудов" Фонд "Михаил Арнаудов" 10.00 Автограф: Д. Доросенко 589658 МА 1468 120000589658 2 5.11 Книги
  Не е изгубен Universal Decimal Classification Не е повреден без рестрикции Специални фондове ( старопечатни, редки и ценни, фонд М. Арнаудов) 744958 Регионална библиотека "Любен Каравелов" Русе Регионална библиотека "Любен Каравелов" Русе Фонд "Михаил Арнаудов" Фонд "Михаил Арнаудов" 10.00   589657 МА 1468 120000589657 3 5.11 Книги
Vip Innovations Ltd, Rousse, Bulgaria 2025